Finishing of rubberwood products (Record no. 59422)

MARC details
000 -LEADER
fixed length control field 00327nam a2200121Ia 4500
100 ## - MAIN ENTRY--AUTHOR NAME
Personal name Seman Ahmad Shakri Mat
245 #0 - TITLE STATEMENT
Title Finishing of rubberwood products
260 ## - PUBLICATION, DISTRIBUTION, ETC. (IMPRINT)
Name of publisher Rubberwood: Processing and utilization
Year of publication 1994
300 ## - PHYSICAL DESCRIPTION
Number of Pages 159-171
650 ## - SUBJECT ADDED ENTRY--TOPICAL TERM
Topical Term Rubberwood
942 ## - ADDED ENTRY ELEMENTS (KOHA)
Koha item type Journals
Holdings
Withdrawn status Lost status Damaged status Not for loan Home library Current library Date acquired Koha item type
      Journals RRII Library RRII Library 17/12/2021 Journals